|
|
|
|
| LEADER |
00000nam0a2200000 4500 |
| 001 |
327753 |
| 005 |
20231102004006.0 |
| 035 |
|
|
|a (RuTPU)RU\TPU\book\353440
|
| 090 |
|
|
|a 327753
|
| 100 |
|
|
|a 20170203d1969 km y0rusy50 ca
|
| 101 |
0 |
|
|a rus
|
| 102 |
|
|
|a RU
|
| 105 |
|
|
|a a z 001zy
|
| 200 |
1 |
|
|a Короткозамедленное взрывание при проведении горных выработок
|f Г. А. Беришвили
|
| 210 |
|
|
|a Москва
|c Недра
|d 1969
|
| 215 |
|
|
|a 120 с.
|c ил.
|
| 320 |
|
|
|a Библиогр.: с. 118-120
|
| 606 |
1 |
|
|a Взрывание замедленное
|2 stltpush
|3 (RuTPU)RU\TPU\subj\2377
|9 30953
|
| 610 |
1 |
|
|a горные выработки
|
| 610 |
1 |
|
|a короткозамедленное взрывание
|
| 610 |
1 |
|
|a врубы
|
| 610 |
1 |
|
|a рациональные типы
|
| 610 |
1 |
|
|a буровзрывные работы
|
| 610 |
1 |
|
|a параметры
|
| 610 |
1 |
|
|a исследования
|
| 610 |
1 |
|
|a удельный заряд
|
| 610 |
1 |
|
|a глубина
|
| 610 |
1 |
|
|a диаметры
|
| 610 |
1 |
|
|a коэффициент заполнения
|
| 610 |
1 |
|
|a шпуры
|
| 610 |
1 |
|
|a технико-экономические показатели
|
| 675 |
|
|
|a 622.235.4
|v 4
|
| 700 |
|
1 |
|a Беришвили
|b Г. А.
|g Григорий Алексеевич
|
| 801 |
|
1 |
|a RU
|b 63413507
|c 20170203
|
| 801 |
|
2 |
|a RU
|b 63413507
|c 20170207
|g RCR
|
| 942 |
|
|
|c BK
|